| 000 | 01150nam a2200313 i 4500 | ||
|---|---|---|---|
| 001 | 55330 | ||
| 003 | ES-MaACL | ||
| 005 | 20251009173015.0 | ||
| 007 | t| | ||
| 008 | 140902s2009 sp a ||||1| spa d | ||
| 020 | _a978-84-87744-44-0 | ||
| 080 | _a821.111-21"15" | ||
| 080 | _a792(083.97) | ||
| 245 | 0 | 0 |
_aMacbeth Lady Macbeth / _cWilliam Shaskespeare ; [dirección, Carles Alfaro ; traducción, Esteve Miralles ; adaptación, Carles Alfaro y Esteve Miralles]. |
| 250 | _a1ª ed. | ||
| 260 |
_aMadrid : _bTeatro Español, _c2009. |
||
| 300 |
_a251 p. : _bil. col. ; _c21 cm. |
||
| 490 | 1 |
_aCuadernos del Teatro Español ; _v19 |
|
| 500 | _aEn cub.: "Temporada 2008" | ||
| 650 | 4 |
_aTeatro- _xProgramas. _9145288 |
|
| 700 | 1 |
_aShakespeare, William, _d1564-1616 _9105992 |
|
| 700 | 1 |
_aAlfaro, Carles, _d1960- _9155335 |
|
| 700 | 1 |
_aMiralles, Esteve ( _d1964-) _9155336 |
|
| 830 | 0 |
_aCuadernos del Teatro Español ; _v19 _9189460 |
|
| 852 |
_aES-MaACL _jA-13207 _957458 _bR.150067 _cDEPO1 _dOlim: N-6207 _hDonación: Carlos París |
||
| 903 |
_aParís, Carlos, _d1925-2014 _ednr _q1 _989133 |
||
| 942 |
_2udc _cMONOGRAFIA |
||
| 999 |
_c55330 _d55330 |
||